000 01093nam a2200193Ia 4500
001 13118
003 GE_BSU
008 181216s||||||||xx |||||||||||||| ||und||
040 _cGE_BSU
080 _a376.2
245 _aინკლუზიური განათლების დანერგვა საქართველოს პროფესიული განათლებისა და გადამზადების სისტემაში
245 _bწლიური ანგარიში 2013
245 _cმარიკა ზაქარეიშვილი. პროექტის დირექტორი მაია ბაგრატიონი
260 _aთბილისი
260 _c2013
300 _a58გვ.ილ.29სმ.
653 _aინკლუზიური განათლების დანერგვა საქართველოს პროფესიული განათლებისა და გადამზადების სისტემაში
942 _cBK
999 _c46284
_d46284